海と接している自治体を選ぶ -サドンデス- - Statistics

General Stats
  • This quiz has been taken 881 times
  • The average score is 21 of 36
Answers on the Grid
Answers color-coded by a green-red scale on the quiz's grid according to % correct below.
静岡市
宮崎市
甲府市
金沢市
高知市
水戸市
鳥取市
盛岡市
山口市
大分市
熊本市
山形市
佐賀市
岡山市
福島市
千葉市
京都市
富山市
岐阜市
秋田市
宇都宮市
和歌山市
長崎市
札幌市
名古屋市
東海市
東海村
海老名市
熱海市
小海町
海南市
海士町
海陽町
海津市
西海市
横浜市
長浜市
小浜市
浜松市
浜田市
津市
大津市
唐津市
焼津市
摂津市
宮津市
津別町
河津町
草津市
津山市
標津町
木更津市
日吉津村
南会津町
多度津町
 
Answer Stats
Answer % Correct
静岡県 静岡市
94%
宮崎県 宮崎市
87%
高知県 高知市
83%
石川県 金沢市
76%
鳥取県 鳥取市
70%
千葉県 千葉市
68%
大分県 大分市
65%
長崎県 長崎市
65%
和歌山県 和歌山市
64%
富山県 富山市
63%
神奈川県 横浜市
63%
静岡県 浜松市
62%
熊本県 熊本市
60%
岡山県 岡山市
60%
愛知県 名古屋市
60%
静岡県 熱海市
60%
千葉県 木更津市
59%
秋田県 秋田市
58%
静岡県 焼津市
57%
三重県 津市
56%
福井県 小浜市
55%
山口県 山口市
52%
佐賀県 佐賀市
52%
島根県 浜田市
52%
佐賀県 唐津市
52%
茨城県 東海村
50%
京都府 宮津市
49%
和歌山県 海南市
47%
香川県 多度津町
47%
長崎県 西海市
45%
島根県 海士町
43%
愛知県 東海市
42%
鳥取県 日吉津村
40%
徳島県 海陽町
38%
静岡県 河津町
38%
北海道 標津町
36%
No matching quizzes found
Score Distribution
Percent of People with Each Score
Percentile by Number Answered
Your Score History
You have not taken this quiz